00472nam a2200169Ia 450000500170000000800410001702000150005808200130007310000110008624500280009726000300012530000130015565000180016894200060018695200950019299900150028720241114022328.0240331s9999 xx 000 0 und d a8186939008 bROYa823 aRoy, A 4aThe God of Small Things aNew DelhibIndiaInkc1997 a339 p ., aShort Stories cL 001040708LaWERCLbWERCLcSSCd2024-03-31l0o 823 ROYp2472r2024-03-31w2024-03-31yL c3321d3321